Memoria del Instituto de Segunda Enseñanza de la provincia de Badajoz, leida en la solemne apertura del curso académico de 1867 á 1868 / (Record no. 156000)

MARC details
000 -LEADER
campo de control de longitud fija 00899nam a22001935i 4500
001 - NÚMERO DE CONTROL
campo de control 156000
003 - IDENTIFICADOR DE NÚMERO DE CONTROL
campo de control ES-MaACL
005 - FECHA Y HORA DE LA ÚLTIMA TRANSACCIÓN
campo de control 20230906210303.0
008 - DATOS DE LONGITUD FIJA--INFORMACIÓN GENERAL
campo de control de longitud fija 041013s1867 sp |||| | spa d
040 ## - FUENTE DE CATALOGACIÓN
Centro catalogador/agencia de origen CAM
Lengua de catalogación spa
Centro/agencia transcriptor CAM
110 2# - ENTRADA PRINCIPAL--NOMBRE DE ENTIDAD CORPORATIVA
Nombre de entidad corporativa o nombre de jurisdicción como elemento de entrada Instituto de Segunda Enseñanza de la Provincia de Badajoz.
9 (RLIN) 134558
245 10 - MENCIÓN DEL TÍTULO
Título Memoria del Instituto de Segunda Enseñanza de la provincia de Badajoz, leida en la solemne apertura del curso académico de 1867 á 1868 /
Mención de responsabilidad, etc. por Valeriano Ordoñez de Adrian.
260 ## - PUBLICACIÓN, DISTRIBUCIÓN, ETC.
Lugar de publicación, distribución, etc. Badajoz :
Nombre del editor, distribuidor, etc. Imprenta y Librería de José Santamaría,
Fecha de publicación, distribución, etc. 1867.
300 ## - DESCRIPCIÓN FÍSICA
Extensión 11 p., [3] h. pleg. ;
Dimensiones 20 cm.
610 24 - PUNTO DE ACCESO ADICIONAL DE MATERIA--NOMBRE DE ENTIDAD CORPORATIVA
Nombre de entidad corporativa o nombre de jurisdicción como elemento de entrada Instituto de Segunda Enseñanza de la Provincia de Badajoz-
Subdivisión general Memorias.
9 (RLIN) 160839
700 11 - ENTRADA AGREGADA--NOMBRE PERSONAL
Nombre de persona Ordoñez de Adrian, Valeriano.
9 (RLIN) 222497
852 ## - LOCALIZACIÓN
Ubicación ES-MaACL
Número de control de estantería T-707-F-1
Nota libre -- Enc. hol. conservando la cub. original
-- -- Enc. en un vol. facticio
Holdings
Estatus retirado Estado de pérdida Estado de daño No para préstamo Colección Biblioteca de origen Biblioteca actual Ubicación en estantería Fecha de adquisición Total de préstamos Signatura topográfica completa Código de barras Visto por última vez Precio de reemplazo Tipo de ítem Koha
        Colección de folletos Biblioteca del Ateneo de Madrid Biblioteca del Ateneo de Madrid Depósito folletos 17/01/2008   T-707-F-1 1163203 23/02/2023 23/02/2023 Folleto